Los cinco frente a la aventura / (Registro nro. 13239)
[ vista simple ]
| 000 -LIDER | |
|---|---|
| fixed length control field | 00846nam a22002777a 4500 |
| 003 - IDENTIFICACDOR DE NÚMERO DE CONTROL | |
| control field | DO-SdBNP |
| 005 - DATE AND TIME OF LATEST TRANSACTION | |
| control field | 20180119093557.0 |
| 008 - ELEMENTOS DE LONGITUD FIJA | |
| fixed length control field | 861112 1973 sp a 000 0 spa d |
| 010 ## - NUMERO DE CONTROL DE BIBLIOTECA DEL CONGRESO | |
| LC control number | |
| 020 ## - ISBN | |
| International Standard Book Number | 8426109578 |
| 040 ## - FUENTE DE CATALOGACIÓN | |
| Agencia que crea de manera original el registro | BPMSU |
| Agencia que realiza la transcripción | spa |
| Agencia que realiza la modificación | BPMSU |
| -- | |
| 100 1# - ASIENTO PRINCIPAL -- NOMBRE PERSONAL | |
| Nombre personal | Blyton, Enid |
| Fechas asociadas con el nombre | 1897-1968 |
| 240 10 - TITULO UNIFORME | |
| Título uniforme | Five fall into adventure / |
| Idioma de una obra | eng. |
| 245 14 - MENCIÓN DE TITULO | |
| Título | Los cinco frente a la aventura / |
| Mención de responsabilidad | Enid Blyton ; traducción María Victoria Oliva ; ilustraciones José Correas |
| 250 ## - MENCIÓN DE EDICION | |
| Mención de edición | 5a. ed. |
| 260 ## - PUBLICACIÓN, DISTRIBUCIÓN, ETC. (PIE DE IMPRENTA) | |
| Lugar de publicación, distribución, etc | Barcelona, España : |
| Nombre del editor, distribuidor, etc. | Juventud, |
| Fecha de publicación, distribución, etc | 1973. |
| 300 ## - DESCRIPCIÓN FÍSICA | |
| Extensión | 174 p. : |
| Otros detalles físicos | il. |
| Dimensiones | 20 cm. |
| 490 0# - MENCIÓN DE SERIES | |
| Mención de serie | Los cinco |
| Volume/sequential designation | 30 |
| 600 00 - ENCABEZAMIENTO DE MATERIA--NOMBRE PERSONAL | |
| Nombre personal | |
| Subdivisión temática general | |
| 700 12 - ASIENTO SECUNDARIO -- NOMBRE PERSONAL | |
| Nombre personal | Oliva, María Victoria |
| Mención de responsabilidad | trad. |
| 700 12 - ASIENTO SECUNDARIO -- NOMBRE PERSONAL | |
| Nombre personal | Correas, José |
| Mención de responsabilidad | il. |
| 830 #0 - ASIENTO SECUNDARIO DE SERIE--TÍTULO UNIFORME | |
| Título uniforme | Los cinco |
| Número de la parte o sección de una obra | 30 |
| 942 ## - ADDED ENTRY ELEMENTS (KOHA) | |
| Source of classification or shelving scheme | Dewey Decimal Classification |
| Koha item type | Libros |
| 945 ## - INFORMACIÓN DE PROCESAMIENTO LOCAL | |
| Información de procesamiento local | Inventariado, 2018 / YL |
| 956 ## - LOCAL ELECTRONIC LOCATION AND ACCESS (OCLC) | |
| Nombre de host | YLOCKWARD |
| Número de acceso | 10 |
| Información de compresión | BPMSU |
| Trayectoria | 17192018 |
| Withdrawn status | Lost status | Source of classification or shelving scheme | Damaged status | Not for loan | Collection code | Home library | Current library | Date acquired | Source of acquisition | Total Checkouts | Barcode | Date last seen | Price effective from | Koha item type |
|---|---|---|---|---|---|---|---|---|---|---|---|---|---|---|
| Dewey Decimal Classification | Colección Juvenil General | Biblioteca Pública Metropolitana Salomé Ureña | Biblioteca Pública Metropolitana Salomé Ureña | 01/19/2018 | Sin sellar | BPMSU18010013 | 01/19/2018 | 01/19/2018 | Libros |